| 000 | 00759nam a22002177a 4500 | ||
|---|---|---|---|
| 001 | 000202732 | ||
| 003 | AM-YeHGA | ||
| 005 | 20250617124004.0 | ||
| 008 | 950720s1981 ru ||||| |||| 00| 0 rus d | ||
| 040 | _aAM-YeHGA | ||
| 041 | 0 | _arus | |
| 100 | 1 | _aБлинкин, Семен Александрович | |
| 245 | 1 | 0 |
_aФитонциды вокруг нас / _cС.А. Блинкин, Т.В. Рудницкая. |
| 260 |
_aМосква : _bЗнание, _c1981. |
||
| 300 |
_a144 с. ; _c20 см. |
||
| 440 | 0 |
_aНародный университет. _pЕстественнонаучный факультет |
|
| 650 | 1 | 4 | _aФитонциды |
| 700 | 1 | _aРудницкая, Татьяна Васильевна | |
| 942 |
_2udc _cBK |
||
| 090 | _c71341 | ||
| 999 |
_c70151 _d70151 |
||